00429nam a2200121Ia 4500020001700000040000800017100002900025245008200054246003300136260004800169300006500217650002500282 a1561343102 : cCLE1 aHigginbotham, Timothy E.13aAn activities approach to Microsoft Works for teachers :bMacintosh version /30aMicrosoft Works for teachers aMadison, Wis. :bBrown & Benchmark,cc1996. avi, 458 p. :bill. ;c24 cm. +e1 computer disk (3 1/2 in.). 0aIntegrated software.